00872nam a22002057a 4500999001900000005001700019010001500036020003100051035001400082037001300096082001100109100001600120245011500136260005200251270009400303300009000397700001600487942002500503952013800528 c178050d17805020210312171616.0 aENG-129242 a978-93-86611-45-1c1195.00 aEN-112774 bDBAD/PUB a181.45 aRay, Sutapa aYoga: the art of living (a critical study of yoga philosophy and metabolic syndrome)cSutapa Ray and Tapas Das bSerials Publications Pvt. Ltd.aNew Delhic2018 a4830/24, Ansari Road, Darya GanjbNew Delhie110002mserials@mail.comk23245225, 23259207 axxi+265p.c22cm(hbk)bincluding illustrations, bibliographical references and index. aDas, Tapas  2ddccENh181.45mRAY 001040708NFICaAVbAVd2021-03-12eDBAD/PUBg1195.00l7m1o181.45 RAYpEN-112774r2026-04-08 16:17:49s2026-03-20t1v1195.00yEN